000 01086nam0a22002651 4500
001 rc\3000004
005 20250806200625.0
035 _a(NLR Aleph) 007143365
090 _a70881
_c70881
100 _a20041110d1941 u y0rusy50 ca
101 0 _arus
102 _aRU
105 _ay z ||||y
200 1 _aРайонный отдел здравоохранения в сельских местностях
_e(По материалам Днепропетр. обл. по 1939 г. включительно)
_eДис. на соискание ученой степени канд. мед. наук ...
210 _aМосква
_aЛенинград
_cМедгиз
_d1941
_eМосква
215 _a92 с.
_d21 см
320 _aБиблиогр.: "Лит. указатель" (с. 91-92)
700 1 _aЛекарев
_bЛ.Г.
_gЛеонид Григорьевич
801 0 _aRU
_bNLR
_gpsbo
801 1 _aRU
_bELAR
_2rusmarc
852 _aNLR
_jМд96 Г-4/753
942 _cBOOK
945 _aРоссийская национальная библиотека
980 _aNB
980 _aBV